| 000 | 01184nam a2200313 i 4500 | ||
|---|---|---|---|
| 003 | EG-GICUC | ||
| 005 | 20260121101716.0 | ||
| 008 | 260111s1962 ua ||||fr|||| 00| 0 ara d | ||
| 040 |
_a EG-GICUC _bara _c EG-GICUC _d EG-GICUC _erda |
||
| 041 | 0 | _aara | |
| 082 | 0 | 4 |
_221 _a345.2 _bس ل . و |
| 092 | 0 | 4 | _221 |
| 099 | _aLaw1 07 345.2 س ل . و 1 ed -1962 | ||
| 100 | 0 |
_aسليمان محمد الطماوي _eمؤلف. |
|
| 245 |
_aالوجيز في نظم الحكم و الإدارة / _cسليمان محمد الطماوي |
||
| 250 | _aالطبعة الأولي | ||
| 264 |
_aالقاهرة: _bدار الفكر العربي ، _c1962. |
||
| 300 |
_a466 ؛صفحة _c24 سم |
||
| 336 |
_2rda content _atext |
||
| 337 |
_2rda media _aComputer |
||
| 338 |
_2rda carrier _aOnline Resource |
||
| 504 | _aيشتمل على إرجاعات ببليوجرافية. | ||
| 546 | _aالنص أغلبه باللغة العربية بعض النصوص الإنجليزية والفرنسية | ||
| 650 | 1 |
_aالقانون الإداري _2qrmak |
|
| 651 | 1 | _2qrmak | |
| 856 | 4 | 0 | _uhttps://fll.law.cu.edu.eg/fulltext/bks/B07-01042.pdf |
| 905 | _a74 | ||
| 942 |
_2ddc _n0 _cBK _e21 |
||
| 999 |
_c56285 _d56285 |
||